书目信息 |
| 题名: |
1号办公楼施工图
|
|
| 作者: | 刘师雨 , 王全杰 , 张向荣 主编 | |
| 分册: | ||
| 出版信息: | 重庆 重庆大学出版社 2019.10 |
|
| 页数: | 82页 | |
| 开本: | 30x42cm | |
| 丛书名: | 广联达工程实训案例图集 | |
| 单 册: | ||
| 中图分类: | TU243 | |
| 科图分类: | ||
| 主题词: | 办公建筑--ban gong jian zhu--建筑工程--建筑制图--教材 | |
| 电子资源: | ||
| ISBN: | 978-7-5689-1793-3 | |
| 000 | 01323nam 2200289 450 | |
| 001 | 2058497616 | |
| 005 | 20201107161511.70 | |
| 010 | @a978-7-5689-1793-3@dCNY29.00 | |
| 100 | @a20191203d2019 em y0chiy50 ea | |
| 101 | 0 | @achi |
| 102 | @aCN@b500000 | |
| 105 | @aa z 000yy | |
| 106 | @ad | |
| 200 | 1 | @a1号办公楼施工图@A1 hao ban gong lou shi gong tu@f主编刘师雨, 王全杰, 张向荣 |
| 210 | @a重庆@c重庆大学出版社@d2019.10 | |
| 215 | @a82页@c图@d30x42cm | |
| 225 | 2 | @a广联达工程实训案例图集@Aguang lian da gong cheng shi xun an li tu ji |
| 300 | @a含土建和安装 | |
| 330 | @a本书以一栋办公楼的完整的施工图为例, 供学生识图和进行工程造价计算的实训使用。本案例工程为在北京郊区建设的工程, 包含地下一层, 第上四层, 建筑面积3155平方米。图纸内容包含了建筑施工图: 建筑设计说明、工程做法明细、第一层到第四层平面图、立面图、剖面图 ; 结构施工图: 结构设计说明、地下室结构设计说明、基础结构平面图、基础详图、顶梁配筋图、顶板配筋图等、楼梯结构详图。另外还包含水暖的管道施工图、电气施工路线图。 | |
| 410 | 0 | @12001 @a广联达工程实训案例图集 |
| 606 | 0 | @a办公建筑@Aban gong jian zhu@x建筑工程@x建筑制图@j教材 |
| 690 | @aTU243@v5 | |
| 701 | 0 | @a刘师雨@Aliu shi yu@4主编 |
| 701 | 0 | @a王全杰@Awang quan jie@4主编 |
| 701 | 0 | @a张向荣@Azhang xiang rong@4主编 |
| 801 | 0 | @aCN@b人天书店@c20201010 |
| 905 | @aZUCC@dTU243@eL678 | |
| 1号办公楼施工图/主编刘师雨, 王全杰, 张向荣.-重庆:重庆大学出版社,2019.10 |
| 82页:图;30x42cm.-(广联达工程实训案例图集) |
| 含土建和安装 |
| ISBN 978-7-5689-1793-3:CNY29.00 |
| 本书以一栋办公楼的完整的施工图为例, 供学生识图和进行工程造价计算的实训使用。本案例工程为在北京郊区建设的工程, 包含地下一层, 第上四层, 建筑面积3155平方米。图纸内容包含了建筑施工图: 建筑设计说明、工程做法明细、第一层到第四层平面图、立面图、剖面图 ; 结构施工图: 结构设计说明、地下室结构设计说明、基础结构平面图、基础详图、顶梁配筋图、顶板配筋图等、楼梯结构详图。另外还包含水暖的管道施工图、电气施工路线图。 |
| ● |
| 相关链接 |
|
|
|
正题名:1号办公楼施工图
索取号:TU243/L678
 
预约/预借
| 序号 | 登录号 | 条形码 | 馆藏地/架位号 | 状态 | 备注 |
| 1 | 1486262 | 214862629 | 建筑库101/101建筑库 68排2列2层/ [索取号:TU243/L678] | 在馆 | |
| 2 | 1486263 | 214862638 | 建筑库101/101建筑库 68排2列2层/ [索取号:TU243/L678] | 在馆 |